Metodika činnosti sprievodcu cestovného ruchu
Enregistré dans:
| Auteur principal: | |
|---|---|
| Format: | Livre |
| Langue: | slovaque |
| Publié: |
Banská Bystrica
Ekonomická fakulta UMB
[1999]
|
| Collection: | Knižnica cestovného ruchu
5 |
| Sujets: | |
| Tags: |
Pas de tags, Soyez le premier à ajouter un tag!
|
MARC
| LEADER | 00000nam a2200000 4500 | ||
|---|---|---|---|
| 001 | c114657 | ||
| 005 | 20221102130724.4 | ||
| 020 | |a 80-8055-232-0 | ||
| 041 | 0 | |a slo | |
| 044 | |a SK | ||
| 245 | 1 | 0 | |a Metodika činnosti sprievodcu cestovného ruchu |c Ján Orieška |
| 264 | 1 | |a Banská Bystrica |b Ekonomická fakulta UMB |c [1999] | |
| 300 | |a 204 s. | ||
| 490 | 1 | |a Knižnica cestovného ruchu |v 5 | |
| 830 | 0 | |a Knižnica cestovného ruchu |v 5 | |
| 610 | 2 | 0 | |a ruch cestovný |
| 610 | 2 | 0 | |a sprievodcovia |
| 610 | 2 | 0 | |a metodika |
| 610 | 2 | 0 | |a kancelárie cestovné |
| 100 | 1 | |a Orieška, Ján | |